[Event "19. Intern. Travemünder Schach-Open"]
[Site "?"]
[Date "2002.12.28"]
[Round "4"]
[White "Schmidt, Carsten"]
[Black "Richter, Michael"]
[Result "0-1"]
[WhiteElo "2138"]
[BlackElo "2396"]
[PlyCount "78"]
[EventDate "2002.??.??"]

1. e4 c5 2. Nf3 Nc6 3. d4 cxd4 4. Bc4 e6 5. O-O Nge7 6. Nxd4 Nxd4 7. Qxd4 Nc6
8. Qc3 Qc7 9. f4 b5 10. Bd3 Qb6+ 11. Kh1 Bb7 12. Qe1 Nb4 13. Be3 Nxd3 14. cxd3
Bc5 15. Bxc5 Qxc5 16. Qc3 Qxc3 17. Nxc3 a6 18. b4 Ke7 19. Rac1 g6 20. Ne2 f5
21. Rc7 Bc6 22. e5 Kd8 23. Rxc6 dxc6 24. Nd4 Kd7 25. Nb3 Ke7 26. Nc5 Rhe8 27.
h3 a5 28. a3 axb4 29. axb4 Ra2 30. Rb1 Kd8 31. Kh2 Ke7 32. Kg3 Rea8 33. Kf3 Ra1
34. Rb3 R8a2 35. g3 Rf1+ 36. Ke3 Rg1 37. Kf3 h5 38. h4 Rgg2 39. Rc3 Rae2 0-1

[Event "19. Intern. Travemünder Schach-Open"]
[Site "?"]
[Date "2002.12.28"]
[Round "4"]
[White "Rüberg, Jobst"]
[Black "Just, Gabriele"]
[Result "0-1"]
[WhiteElo "2335"]
[BlackElo "2023"]
[PlyCount "105"]
[EventDate "2002.??.??"]

1. e4 e6 2. d4 d5 3. e5 Qd7 4. Nf3 b6 5. Bd3 Ba6 6. O-O Bxd3 7. Qxd3 Ne7 8. Nc3
Nbc6 9. Ne2 Nf5 10. Bd2 Be7 11. a3 h5 12. Rac1 b5 13. h3 Rb8 14. g3 Qd8 15. Kg2
g5 16. Rh1 Kd7 17. g4 Nh4+ 18. Nxh4 gxh4 19. f3 Qg8 20. Kh2 hxg4 21. fxg4 f6
22. exf6 Bxf6 23. Rhf1 Qg7 24. c3 Rhf8 25. Nf4 Be7 26. Kh1 Bd6 27. Nh5 Qe7 28.
Qg6 Rxf1+ 29. Rxf1 Rf8 30. Rxf8 Qxf8 31. Nf6+ Kc8 32. g5 Kb7 33. Kg2 e5 34.
dxe5 Bxe5 35. Qf5 Qd6 36. Qf3 Ne7 37. Ng4 Bg3 38. Qd3 Qc6 39. Qf3 Qc4 40. Bc1
Qb3 41. Ne3 Bd6 42. Qd1 Qa2 43. Qd3 c6 44. Kf3 Qb3 45. Qc2 Qa2 46. Qd3 Bc5 47.
Qh7 Qa1 48. b4 Bd6 49. Qc2 d4 50. Nd1 dxc3 51. Nxc3 Be5 52. Ne4 Bd4 53. Be3 0-1

[Event "19. Intern. Travemünder Schach-Open"]
[Site "?"]
[Date "2002.12.28"]
[Round "4"]
[White "Ebeling, Jens"]
[Black "Heyken, Enno"]
[Result "0-1"]
[WhiteElo "2128"]
[BlackElo "2307"]
[PlyCount "106"]
[EventDate "2002.??.??"]

1. e4 e6 2. d3 d5 3. Nd2 Nf6 4. Ngf3 Nc6 5. g3 dxe4 6. dxe4 e5 7. Bg2 Bc5 8.
O-O O-O 9. c3 a5 10. Qc2 b6 11. Nb3 Bd6 12. a4 Nd7 13. Be3 Qe7 14. Rad1 Nc5 15.
Nxc5 Bxc5 16. Bxc5 Qxc5 17. Rd5 Qe7 18. Rfd1 Be6 19. R5d2 Rad8 20. Rxd8 Rxd8
21. Rxd8+ Qxd8 22. Bf1 Qd6 23. Bb5 Na7 24. Be2 f6 25. Nd2 Qc5 26. Qd3 Nc6 27.
Kg2 Kf7 28. Qb5 Qxb5 29. Bxb5 Nd8 30. Kf3 Ke7 31. Ke3 Kd6 32. Kd3 Kc5 33. f3
Nb7 34. Bc4 Bd7 35. b3 g5 36. Bg8 h6 37. Bf7 Nd8 38. Bc4 h5 39. Bd5 f5 40. Ke3
f4+ 41. Kf2 fxg3+ 42. Kxg3 h4+ 43. Kf2 c6 44. Bg8 b5 45. Ke3 Be6 46. Bxe6 Nxe6
47. Kd3 Nf4+ 48. Kc2 h3 49. Nf1 b4 50. cxb4+ Kxb4 51. Nd2 Ne2 52. Nc4 Nd4+ 53.
Kd3 Nxf3 0-1

[Event "19. Intern. Travemünder Schach-Open"]
[Site "?"]
[Date "2002.12.28"]
[Round "4"]
[White "Stimpel, Franz"]
[Black "Bunk, Karsten"]
[Result "1/2-1/2"]
[WhiteElo "2278"]
[BlackElo "2134"]
[PlyCount "54"]
[EventDate "2002.??.??"]

1. d4 Nf6 2. c4 g6 3. Nc3 d5 4. cxd5 Nxd5 5. e4 Nxc3 6. bxc3 Bg7 7. Bc4 c5 8.
Ne2 O-O 9. O-O cxd4 10. cxd4 Nc6 11. Be3 Bg4 12. f3 Na5 13. Bxf7+ Rxf7 14. fxg4
Rxf1+ 15. Kxf1 Qd7 16. h3 Qe6 17. Qd3 Rf8+ 18. Kg1 Qc4 19. Qd2 Qa6 20. Qc2 Nc4
21. Qb3 e6 22. g5 Nxe3 23. Qxe3 Qc4 24. e5 Rd8 25. a3 Bf8 26. Rf1 Be7 27. Rc1
Qa4 1/2-1/2

[Event "19. Intern. Travemünder Schach-Open"]
[Site "?"]
[Date "2002.12.28"]
[Round "4"]
[White "Ramin, Michael"]
[Black "Sislian, Hanno"]
[Result "1/2-1/2"]
[WhiteElo "2118"]
[BlackElo "2245"]
[PlyCount "88"]
[EventDate "2002.??.??"]

1. d4 Nf6 2. Nf3 g6 3. g3 Bg7 4. Bg2 O-O 5. O-O d5 6. Nbd2 c5 7. c3 cxd4 8.
cxd4 Nc6 9. b3 Qb6 10. Bb2 Bf5 11. Rc1 Rfd8 12. a3 Ne4 13. e3 Nxd2 14. Nxd2 Bd3
15. Re1 e6 16. Bf1 Bxf1 17. Kxf1 Rdc8 18. Qe2 Ne7 19. Qd3 Rxc1 20. Rxc1 Rc8 21.
Rxc8+ Nxc8 22. Kg2 Ne7 23. h3 h5 24. h4 Nf5 25. Nf3 a6 26. Qc3 Qc6 27. Qxc6
bxc6 28. b4 Nd6 29. Nd2 Kf8 30. Nb3 Nb7 31. Bc3 Ke8 32. Nc5 Nxc5 33. bxc5 Kd7
34. a4 f6 35. f4 e5 36. Kf3 Ke6 37. Kf2 Kf5 38. Kf3 Bh8 39. Bb2 Bg7 40. Bc3 Bh8
41. Bb2 e4+ 42. Kg2 Kg4 43. Bc3 Bg7 44. Ba5 g5 1/2-1/2

[Event "19. Intern. Travemünder Schach-Open"]
[Site "?"]
[Date "2002.12.28"]
[Round "4"]
[White "Ricke, Theo"]
[Black "Dinkel, Jörg"]
[Result "1-0"]
[WhiteElo "2236"]
[BlackElo "2097"]
[PlyCount "61"]
[EventDate "2002.??.??"]

1. Nf3 d5 2. d4 Nf6 3. c4 c6 4. Nc3 e6 5. Bg5 dxc4 6. e4 b5 7. e5 h6 8. Bh4 g5
9. Nxg5 hxg5 10. Bxg5 Nbd7 11. exf6 Bb7 12. g3 c5 13. d5 Qc7 14. f4 O-O-O 15.
Bg2 b4 16. Na4 Nb6 17. Nxb6+ Qxb6 18. O-O Bxd5 19. Qe2 Bh6 20. Rfd1 Bxg5 21.
fxg5 Qc6 22. h4 Kb7 23. Rac1 Kb6 24. Rd2 Bxg2 25. Qxg2 Qxg2+ 26. Rxg2 Rd4 27.
Kh2 Rhd8 28. Kh3 Rd2 29. Rxd2 Rxd2 30. Rxc4 Rxb2 31. g6 1-0

[Event "19. Intern. Travemünder Schach-Open"]
[Site "?"]
[Date "2002.12.28"]
[Round "4"]
[White "Bangiev, Alexander"]
[Black "Jessen, Henrik"]
[Result "1-0"]
[WhiteElo "2431"]
[BlackElo "2125"]
[PlyCount "100"]
[EventDate "2002.??.??"]

1. e4 c6 2. d4 d5 3. e5 Bf5 4. Ne2 e6 5. Nf4 Ne7 6. Nc3 h6 7. Bd3 Bxd3 8. Qxd3
Nd7 9. O-O a6 10. Nce2 c5 11. c3 Qc7 12. Bd2 O-O-O 13. Qf3 Nc6 14. Rab1 Kb8 15.
b4 c4 16. a4 b5 17. a5 Be7 18. g4 Rdf8 19. Ng3 g6 20. Qe2 Bg5 21. Be3 Bxf4 22.
Bxf4 Qd8 23. Kg2 Kb7 24. Bd2 h5 25. h3 hxg4 26. hxg4 Rh7 27. Rh1 Rfh8 28. Rxh7
Rxh7 29. Rh1 Rxh1 30. Kxh1 Qh8+ 31. Kg2 Qh4 32. f3 Kc7 33. Bf4 Nf8 34. Qd2 Nh7
35. Nh1 Qe7 36. Nf2 Kd7 37. Qc1 Qe8 38. Bg3 Qf8 39. Bh4 Qg7 40. Nh3 Qg8 41. Qh6
Ne7 42. Kf2 Ke8 43. f4 Kd7 44. Bxe7 Kxe7 45. f5 gxf5 46. gxf5 Kd7 47. f6 Qg6
48. Qxg6 fxg6 49. Nf4 Nf8 50. Kg3 Ke8 {
Es folgten weitere 4 Zuege bis zur Aufgabe} 1-0

[Event "19. Intern. Travemünder Schach-Open"]
[Site "?"]
[Date "2002.12.28"]
[Round "4"]
[White "Wronn, Bernd"]
[Black "Lund, Frode"]
[Result "1-0"]
[WhiteElo "2243"]
[BlackElo "2103"]
[PlyCount "47"]
[EventDate "2002.??.??"]

1. Nf3 c5 2. c4 Nc6 3. Nc3 g6 4. d4 cxd4 5. Nxd4 Bg7 6. Nc2 d6 7. Bd2 Nf6 8. e4
b6 9. Be2 Bb7 10. f3 Rc8 11. Rc1 h5 12. Be3 Nd7 13. Qd2 Nc5 14. O-O Ne6 15. f4
Bxc3 16. Qxc3 f6 17. b4 Kf7 18. c5 bxc5 19. Bc4 cxb4 20. Qb3 Qd7 21. f5 gxf5
22. exf5 Ncd8 23. Nxb4 Rg8 24. Bd5 1-0

[Event "19. Intern. Travemünder Schach-Open"]
[Site "?"]
[Date "2002.12.29"]
[Round "5"]
[White "GM Schmittdiel, Eckhard"]
[Black "GM Muse, Mladen"]
[Result "1/2-1/2"]
[WhiteElo "2491"]
[BlackElo "2474"]
[PlyCount "25"]
[EventDate "2002.??.??"]

1. e4 c5 2. c4 Nc6 3. Nc3 g6 4. g3 Bg7 5. Bg2 d6 6. Nge2 Ne5 7. d3 Bg4 8. f4
Nf3+ 9. Kf2 Nd4 10. h3 Bd7 11. Nxd4 cxd4 12. Ne2 a5 13. Bd2 1/2-1/2

[Event "19. Intern. Travemünder Schach-Open"]
[Site "?"]
[Date "2002.12.29"]
[Round "5"]
[White "GM Mainka, Romuald"]
[Black "GM Kalinitschew, Sergej"]
[Result "1/2-1/2"]
[WhiteElo "2411"]
[BlackElo "2485"]
[PlyCount "46"]
[EventDate "2002.??.??"]

1. e4 d6 2. d4 Nf6 3. Nc3 e5 4. Nf3 exd4 5. Nxd4 Be7 6. Be2 O-O 7. O-O Re8 8.
Re1 Bf8 9. Bf1 Nbd7 10. Bg5 c6 11. Qd2 h6 12. Bf4 Ne5 13. f3 Qb6 14. a4 a5 15.
Kh1 Bd7 16. Be3 Qc7 17. Rad1 Ng6 18. Bc4 Re5 19. Nde2 d5 20. exd5 cxd5 21. Bxd5
Rae8 22. Ng3 Bb4 23. Bb3 Bc6 1/2-1/2

[Event "19. Intern. Travemünder Schach-Open"]
[Site "?"]
[Date "2002.12.29"]
[Round "5"]
[White "IM Heyken, Enno"]
[Black "Rieke, Theo"]
[Result "1-0"]
[WhiteElo "2307"]
[BlackElo "2236"]
[PlyCount "71"]
[EventDate "2002.??.??"]

1. d4 Nf6 2. Bg5 e6 3. e4 h6 4. Bxf6 Qxf6 5. Nc3 d6 6. g3 g6 7. Bg2 Bg7 8. Nge2
Nc6 9. Nb5 Qd8 10. c3 a6 11. Na3 O-O 12. O-O e5 13. Nc2 Kh8 14. Ne3 f5 15. exf5
gxf5 16. dxe5 dxe5 17. f4 e4 18. Qb3 Qd3 19. Kf2 Qb5 20. Rfd1 Qxb3 21. axb3 Be6
22. Bh3 h5 23. Rd2 Kh7 24. Nd4 Nxd4 25. cxd4 c6 26. Rad1 Rac8 27. d5 cxd5 28.
Nxd5 Bxd5 29. Rxd5 Rc2+ 30. Ke3 Rxb2 31. Bxf5+ Kh6 32. Rd6+ Rf6 33. Rxf6+ Bxf6
34. Rd7 Rxb3+ 35. Kxe4 Rb4+ 36. Kd3 1-0

[Event "19. Intern. Travemünder Schach-Open"]
[Site "?"]
[Date "2002.12.29"]
[Round "5"]
[White "Dahlhaus, Friedhelm"]
[Black "IM Bangiev, Alexander"]
[Result "0-1"]
[WhiteElo "2233"]
[BlackElo "2431"]
[PlyCount "76"]
[EventDate "2002.??.??"]

1. e4 e5 2. Nf3 d6 3. d4 exd4 4. Nxd4 Nf6 5. Nc3 Be7 6. h3 O-O 7. Be3 d5 8.
exd5 Nxd5 9. Nxd5 Qxd5 10. Be2 Qxg2 11. Bf3 Qg6 12. Qe2 Qa6 13. c3 Qxe2+ 14.
Kxe2 c6 15. b4 Bf6 16. Rab1 a6 17. c4 Nd7 18. Nf5 Ne5 19. Nd6 Be6 20. Rbc1 Be7
21. c5 Nxf3 22. Kxf3 Bd5+ 23. Kf4 Bxh1 24. Rxh1 Bxd6+ 25. cxd6 Rad8 26. Rd1
Rfe8 27. Bb6 Rd7 28. Rd2 f6 29. Bc7 Kf7 30. a4 Re5 31. Rd4 Re1 32. f3 Ra1 33.
a5 Re1 34. h4 g6 35. Rd2 Ke6 36. h5 g5+ 37. Kg3 Rh1 38. Re2+ Kf7 0-1

[Event "19. Intern. Travemünder Schach-Open"]
[Site "?"]
[Date "2002.12.29"]
[Round "5"]
[White "IM Richter, Michael"]
[Black "IM Seger, Rüdiger"]
[Result "1/2-1/2"]
[WhiteElo "2396"]
[BlackElo "2406"]
[PlyCount "107"]
[EventDate "2002.??.??"]

1. d4 Nf6 2. c4 g6 3. Nc3 d5 4. Nf3 Bg7 5. Qa4+ Bd7 6. Qb3 dxc4 7. Qxc4 O-O 8.
e4 b5 9. Nxb5 Nxe4 10. Qxc7 Nc6 11. Qxd8 Rfxd8 12. Bd3 Nd6 13. Nxd6 exd6 14.
Be3 Bg4 15. Kd2 Rab8 16. Rab1 Nb4 17. h3 Bd7 18. Bc4 Bf5 19. Ra1 Nc2 20. g4
Nxe3 21. fxe3 Rxb2+ 22. Kc1 Rc2+ 23. Kd1 Rxc4 24. gxf5 Rc3 25. Kd2 Ra3 26. Rhb1
Ra5 27. fxg6 hxg6 28. Kd3 Bf6 29. a4 Kg7 30. Rb5 Ra6 31. Nd2 Bh4 32. Ne4 f5 33.
Nc3 Kh6 34. Rb7 Re8 35. Nd5 Ra5 36. Rb5 Bd8 37. Rxa5 Bxa5 38. Rb1 g5 39. Rb7 a6
40. Ra7 Be1 41. Rxa6 Bg3 42. a5 Bh2 43. Rb6 Ra8 44. a6 Ra7 45. Nb4 g4 46. hxg4
fxg4 47. Nc6 Ra8 48. a7 d5 49. Rb2 Bd6 50. e4 dxe4+ 51. Kxe4 g3 52. Kd5 Bf4 53.
Kc5 Be3 54. Rg2 1/2-1/2

[Event "19. Intern. Travemünder Schach-Open"]
[Site "?"]
[Date "2002.12.29"]
[Round "5"]
[White "Bürmann, Jan"]
[Black "Gazic, Josip"]
[Result "0-1"]
[WhiteElo "2122"]
[BlackElo "2270"]
[PlyCount "58"]
[EventDate "2002.??.??"]

1. d4 d6 2. Nf3 Nf6 3. c4 c6 4. Nc3 Bg4 5. e4 Nbd7 6. Be2 e5 7. Be3 Be7 8. O-O
O-O 9. Ne1 Bxe2 10. Qxe2 Re8 11. d5 Nf8 12. Nd3 Ng6 13. g3 Qd7 14. f3 cxd5 15.
cxd5 a6 16. Rac1 h5 17. Kg2 Nh7 18. Qd2 f5 19. exf5 Qxf5 20. Ne4 Rf8 21. Ne1
Nf6 22. Nxf6+ Bxf6 23. Rc7 e4 24. f4 h4 25. Qe2 hxg3 26. hxg3 Rf7 27. Rxf7 Kxf7
28. Rh1 Rh8 29. Bg1 Nxf4+ 0-1

[Event "19. Intern. Travemünder Schach-Open"]
[Site "?"]
[Date "2002.12.29"]
[Round "5"]
[White "Kohn, Sandro"]
[Black "Wromm, Bernd"]
[Result "0-1"]
[WhiteElo "2149"]
[BlackElo "2243"]
[PlyCount "128"]
[EventDate "2002.??.??"]

1. Nf3 {0} 1... Nf6 2. d4 d5 3. c4 e6 4. Bg5 c6 5. e3 Nbd7 6. a3 Be7 7. Nc3 O-O
8. Qc2 h6 9. Bh4 b6 10. cxd5 exd5 11. Bd3 Bb7 12. O-O Rc8 13. Bf5 Nh5 14. Ne5
Bxh4 15. Nxd7 Re8 16. Ne5 Rc7 17. Bh7+ Kh8 18. Nxf7+ Rxf7 19. Bg6 Rxf2 20. Rxf2
Bxf2+ 21. Qxf2 Rf8 22. Qe2 Nf6 23. Rf1 Nd7 24. Rxf8+ Nxf8 25. Bd3 Qg5 26. Qf2
Nd7 27. Qf4 Qxf4 28. exf4 c5 29. Bf5 cxd4 30. Nb5 Nf8 31. Nxa7 g6 32. Bg4 h5
33. Bh3 Nh7 34. Kf2 Nf6 35. Nb5 Ne4+ 36. Ke1 d3 37. Nd4 Kg7 38. Nf3 Kf6 39. Ne5
d2+ 40. Kd1 Nf2+ 41. Kxd2 Nxh3 42. gxh3 g5 43. Nd7+ Ke6 44. Nxb6 gxf4 45. Na4
Ke5 46. Nc5 Bc8 47. a4 Kd4 48. Nd3 f3 49. b4 Bf5 50. Nf2 Kc4 51. b5 d4 52. b6
Bc8 53. Nd3 Bb7 54. h4 Ba8 55. Nf4 Kc5 56. a5 Bb7 57. Ne6+ Kc4 58. Nd8 f2 59.
Ke2 d3+ 60. Kxf2 d2 61. Ke2 Kc3 62. Nxb7 Kc2 63. Nc5 d1=Q+ 64. Ke3 Qg1+ 0-1

[Event "19. Intern. Travemünder Schach-Open"]
[Site "?"]
[Date "2002.12.29"]
[Round "5"]
[White "Just, Joachim"]
[Black "Asendorf, Joachim"]
[Result "0-1"]
[WhiteElo "2139"]
[BlackElo "2280"]
[PlyCount "100"]
[EventDate "2002.??.??"]

1. e3 e5 2. d4 d6 3. dxe5 dxe5 4. Qxd8+ Kxd8 5. e4 Be6 6. Be3 c6 7. Nf3 f6 8.
Nbd2 Nd7 9. Bc4 Bxc4 10. Nxc4 Kc7 11. O-O b5 12. Ncd2 Bc5 13. Rfe1 Ne7 14. Rad1
Rhd8 15. Nf1 Bxe3 16. Rxe3 Nc5 17. Rb1 Rd7 18. Ng3 Rad8 19. Kf1 Ng6 20. a3 Nf4
21. Ree1 g5 22. Nf5 g4 23. Ng1 Rd2 24. g3 Nfe6 25. Rbc1 Ng5 26. Re2 Ncxe4 27.
Nh6 f5 28. c4 bxc4 29. Nxf5 Rxe2 30. Kxe2 Rf8 31. Nh6 Rxf2+ 32. Ke3 Rxb2 33.
Nxg4 Rb3+ 34. Ke2 Kd6 35. Ne3 Rb2+ 36. Ke1 Rxh2 37. Rxc4 Rh1 38. Nf5+ Ke6 39.
Rxc6+ Kxf5 40. Kf1 Rh2 41. Rc8 Nxg3+ 42. Ke1 Rg2 43. Rf8+ Ke4 44. Ra8 Rxg1+ 45.
Kd2 Nf3+ 46. Kc3 Rc1+ 47. Kb4 Rb1+ 48. Kc5 Rb7 49. a4 Nd4 50. Rc8 Ngf5 0-1

[Event "19. Intern. Travemünder Schach-Open"]
[Site "?"]
[Date "2002.12.29"]
[Round "5"]
[White "Pienski, Olaf"]
[Black "Salov, Sergej"]
[Result "0-1"]
[WhiteElo "2149"]
[BlackElo "2297"]
[PlyCount "75"]
[EventDate "2002.??.??"]

1. e4 c5 2. Nf3 e6 3. d4 cxd4 4. Nxd4 a6 5. Bd3 Bc5 6. Nb3 Be7 7. O-O d6 8. Qe2
Nd7 9. c4 Ngf6 10. Nc3 Qc7 11. f4 O-O 12. Be3 b6 13. g4 Nc5 14. Nxc5 bxc5 15.
g5 Nd7 16. Qh5 g6 17. Qh6 Re8 18. Rf3 Bf8 19. Qh4 Qd8 20. Rh3 h5 21. Rf1 Bg7
22. Be2 Rb8 23. Bc1 Nf8 24. Rd3 Bd4+ 25. Kh1 d5 26. cxd5 exd5 27. Nxd5 Rxe4 28.
Nf6+ Qxf6 29. gxf6 Rxe2 30. f5 Bb7+ 31. Rdf3 Rbe8 32. Bg5 Bxf3+ 33. Rxf3 Re1+
34. Kg2 Rg1+ 35. Kh3 Rg4 36. fxg6 Rxh4+ 37. Kxh4 Nxg6+ 38. Kh3 0-1

[Event "19. Intern. Travemünder Schach-Open"]
[Site "?"]
[Date "2002.12.29"]
[Round "5"]
[White "Kuhn, Gerd"]
[Black "Linder, Ullrich"]
[Result "1-0"]
[WhiteElo "2216"]
[BlackElo "2007"]
[PlyCount "73"]
[EventDate "2002.??.??"]

1. d4 Nf6 2. Bg5 g6 3. Bxf6 exf6 4. e3 d5 5. Ne2 Bg7 6. Nf4 c6 7. c4 dxc4 8.
Bxc4 Qe7 9. O-O Nd7 10. Nc3 f5 11. Rc1 Nb6 12. Bb3 O-O 13. Na4 Nxa4 14. Bxa4
Rd8 15. Qc2 Be6 16. Nxe6 fxe6 17. Bb3 Kh8 18. f4 Rac8 19. Qc5 Qxc5 20. Rxc5 Rd6
21. Rfc1 Rcd8 22. Kf2 Bf6 23. h3 g5 24. fxg5 Bxg5 25. g3 Bf6 26. Kf3 h6 27. Rf1
b6 28. Rc2 e5 29. dxe5 Bxe5 30. g4 Rg6 31. Rg2 f4 32. exf4 Rf6 33. f5 Rd4 34.
Re2 Rf4+ 35. Kg2 Bd4 36. Rd1 c5 37. Kg3 1-0

[Event "19. Intern. Travemünder Schach-Open"]
[Site "?"]
[Date "2002.12.29"]
[Round "5"]
[White "Sislian, Hanno"]
[Black "Schinkowski, Christoph"]
[Result "1/2-1/2"]
[WhiteElo "2245"]
[BlackElo "2115"]
[PlyCount "41"]
[EventDate "2002.??.??"]

1. e4 d5 2. exd5 Qxd5 3. Nc3 Qa5 4. d4 c6 5. Bc4 Nf6 6. Bd2 Bf5 7. Qe2 e6 8. d5
cxd5 9. Nxd5 Qd8 10. Nxf6+ Qxf6 11. O-O-O Nc6 12. Nf3 Bg4 13. Bc3 Bxf3 14. gxf3
Qh6+ 15. Kb1 Bb4 16. Bxb4 Nxb4 17. Bxe6 O-O 18. Bd7 Rad8 19. a3 Na6 20. Qe5 Qb6
21. Rd2 {Remis nach drei Zuegen.} 1/2-1/2

[Event "19. Intern. Travemünder Schach-Open"]
[Site "?"]
[Date "2002.12.29"]
[Round "5"]
[White "Hermesmann, Hans"]
[Black "Brümmel, Arend"]
[Result "1/2-1/2"]
[WhiteElo "2122"]
[BlackElo "2287"]
[PlyCount "67"]
[EventDate "2002.??.??"]

1. d4 Nf6 2. c4 g6 3. f3 d5 4. cxd5 Nxd5 5. e4 Nb6 6. Nc3 Bg7 7. Be3 Nc6 8. d5
Ne5 9. f4 Ng4 10. Bd4 O-O 11. Bxg7 Kxg7 12. a4 a5 13. Qd4+ Nf6 14. Be2 e6 15.
g4 c5 16. Qxc5 exd5 17. O-O-O Bd7 18. Qd4 Kg8 19. exd5 Rc8 20. Kb1 Nxg4 21. Nf3
Bf5+ 22. Ka1 Qd6 23. Nh4 Qb4 24. Nxf5 gxf5 25. Rhg1 Qxd4 26. Rxd4 Kh8 27. h3
Ne3 28. Kb1 Nec4 29. d6 Rfd8 30. Nb5 Rd7 31. b3 Ne3 32. Rd5 Rc5 33. Re1 Rxd5
34. Bc4 {Nach Zeitnotphase entand ein Remis} 1/2-1/2

[Event "19. Intern. Travemünder Schach-Open"]
[Site "?"]
[Date "2002.12.29"]
[Round "5"]
[White "FM Hess, Christian"]
[Black "Ramin, Michael"]
[Result "1-0"]
[WhiteElo "2261"]
[BlackElo "2118"]
[PlyCount "53"]
[EventDate "2002.??.??"]

1. Nf3 Nf6 2. c4 g6 3. Nc3 Bg7 4. e4 d6 5. d4 O-O 6. Be2 Nbd7 7. Be3 Ng4 8. Bg5
f6 9. Bh4 Nh6 10. O-O Nf7 11. Qc2 c5 12. Rfd1 cxd4 13. Nxd4 Nc5 14. b4 Ne6 15.
Nf3 Nf4 16. c5 Nxe2+ 17. Qxe2 Qd7 18. Rac1 Qe6 19. Nd5 Rb8 20. Nd4 Qd7 21. c6
bxc6 22. Nxc6 Rb7 23. Ndxe7+ Kh8 24. Nxc8 Rxc8 25. Bxf6 Re8 26. Bxg7+ Kxg7 27.
Qb2+ 1-0

[Event "19. Intern. Travemünder Schach-Open"]
[Site "?"]
[Date "2002.12.29"]
[Round "5"]
[White "Hansen, Victor"]
[Black "Sawatzki, Jörg"]
[Result "0-1"]
[WhiteElo "2119"]
[BlackElo "2261"]
[PlyCount "56"]
[EventDate "2002.??.??"]

1. e4 e5 2. Bc4 Nf6 3. d3 c6 4. Bg5 Be7 5. Nf3 O-O 6. Nc3 d6 7. Qd2 Qc7 8. O-O
Nbd7 9. Bb3 Nc5 10. Ne1 Nxb3 11. axb3 h6 12. Bh4 Nxe4 13. dxe4 Bxh4 14. g3 Be7
15. f4 exf4 16. gxf4 f5 17. Nd3 fxe4 18. Nxe4 Bf5 19. Ng3 Bh3 20. Rfe1 Bf6 21.
c3 Qb6+ 22. Kh1 Qxb3 23. Nf2 Be6 24. Nfe4 Bd5 25. Nf5 Rae8 26. Nfxd6 Re6 27.
Kg1 Qb6+ 28. Kf1 Be5 0-1

[Event "19. Intern. Travemünder Schach-Open"]
[Site "?"]
[Date "2002.12.29"]
[Round "5"]
[White "Schoepe, Jan"]
[Black "Müller, Fabian"]
[Result "1/2-1/2"]
[WhiteElo "2144"]
[BlackElo "2211"]
[PlyCount "23"]
[EventDate "2002.??.??"]

1. e4 c5 2. c3 e6 3. Nf3 d5 4. exd5 exd5 5. Bb5+ Bd7 6. Bxd7+ Qxd7 7. O-O Bd6
8. d3 Ne7 9. Bg5 Nbc6 10. Nbd2 O-O 11. Bxe7 Bxe7 12. Re1 1/2-1/2

[Event "19. Intern. Travemünder Schach-Open"]
[Site "?"]
[Date "2002.12.29"]
[Round "6"]
[White "Muse, Mladen"]
[Black "Mainka, Romuald"]
[Result "1/2-1/2"]
[WhiteElo "2474"]
[BlackElo "2411"]
[PlyCount "35"]
[EventDate "2002.??.??"]

1. Nf3 d5 2. c4 dxc4 3. e3 Nf6 4. Bxc4 e6 5. O-O a6 6. d4 c5 7. dxc5 Bxc5 8.
Qxd8+ Kxd8 9. b3 Ke7 10. Bb2 Nbd7 11. Nbd2 b6 12. Be2 Bb7 13. Ne1 b5 14. a4 Bb4
15. Ndf3 bxa4 16. Nd3 Bd6 17. bxa4 Rhc8 18. Nd4 1/2-1/2

[Event "19. Intern. Travemünder Schach-Open"]
[Site "?"]
[Date "2002.12.29"]
[Round "6"]
[White "Seger, Rüdiger"]
[Black "Schmittdiel, Eckhard"]
[Result "1/2-1/2"]
[WhiteElo "2406"]
[BlackElo "2491"]
[PlyCount "46"]
[EventDate "2002.??.??"]

1. e4 c5 2. c3 e6 3. d4 d5 4. exd5 exd5 5. Nf3 Nc6 6. Bb5 Bd6 7. O-O Nge7 8.
dxc5 Bxc5 9. Nbd2 O-O 10. Nb3 Bd6 11. Bg5 Bg4 12. Re1 Qc7 13. h3 Bh5 14. Be2 a6
15. Nfd4 Bg6 16. Bxe7 Bxe7 17. Bd3 Bf6 18. Bxg6 hxg6 19. Nf3 Rfd8 20. Re3 a5
21. a4 Qb6 22. Rd3 Ne7 23. Nbd4 Qc5 1/2-1/2

[Event "19. Intern. Travemünder Schach-Open"]
[Site "?"]
[Date "2002.12.29"]
[Round "6"]
[White "Kalinitschew, Sergej"]
[Black "Heyken, Enno"]
[Result "1-0"]
[WhiteElo "2485"]
[BlackElo "2307"]
[PlyCount "71"]
[EventDate "2002.??.??"]

1. d4 Nf6 2. Nf3 d5 3. c4 e6 4. Nc3 Nbd7 5. cxd5 exd5 6. Bg5 Bb4 7. e3 c5 8.
Be2 Qa5 9. O-O Bxc3 10. bxc3 c4 11. Qc2 Ne4 12. Rac1 Nb6 13. Bf4 O-O 14. h3 h6
15. Ne5 Bf5 16. f3 Ng3 17. e4 Nxe2+ 18. Qxe2 Bh7 19. Qf2 Rae8 20. Ng4 Re6 21.
e5 Nd7 22. Rfe1 Ra6 23. Ne3 Re8 24. h4 Nb6 25. Ng4 Nd7 26. Qg3 Kh8 27. Re2 Qa3
28. Bd2 Bd3 29. Rf2 Rb6 30. Re1 h5 31. Ne3 Qa5 32. Qg5 g6 33. g4 Rb2 34. Ng2
Nf8 35. Qf6+ Kg8 36. Bh6 1-0

[Event "19. Intern. Travemünder Schach-Open"]
[Site "?"]
[Date "2002.12.29"]
[Round "6"]
[White "Rabiega, Robert"]
[Black "Kupreychik, Victor"]
[Result "1-0"]
[WhiteElo "2503"]
[BlackElo "2485"]
[PlyCount "73"]
[EventDate "2002.??.??"]

1. e4 c5 2. c3 e6 3. d4 d5 4. exd5 exd5 5. Nf3 Nc6 6. Bb5 Bd6 7. O-O Nge7 8.
dxc5 Bxc5 9. Nbd2 O-O 10. Nb3 Bb6 11. Re1 Nf5 12. Bd3 h6 13. Bc2 Re8 14. Rxe8+
Qxe8 15. Bf4 g5 16. Bg3 Be6 17. Qd3 Qf8 18. Nbd4 Bxd4 19. Nxd4 Ncxd4 20. cxd4
Qb4 21. Be5 Rc8 22. Bb3 a5 23. a3 Qb6 24. h3 Nh4 25. Rf1 Bf5 26. Qd1 Qc6 27.
Qh5 Ng6 28. Bg3 Qb5 29. Qd1 a4 30. Bxa4 Qxb2 31. Qf3 Be4 32. Qf6 Qxa3 33. Bd7
Ra8 34. f3 Bd3 35. Re1 Qa6 36. Bd6 Bb5 37. Be6 1-0

[Event "19. Intern. Travemünder Schach-Open"]
[Site "?"]
[Date "2002.12.29"]
[Round "6"]
[White "Bangiev, Alexander"]
[Black "Schuh, Dirk"]
[Result "1-0"]
[WhiteElo "2431"]
[BlackElo "2252"]
[PlyCount "53"]
[EventDate "2002.??.??"]

1. e4 e6 2. d4 d5 3. e5 c5 4. c3 Qb6 5. a3 Nc6 6. Nf3 Nh6 7. b4 cxd4 8. cxd4
Nf5 9. Bb2 Be7 10. h4 Bd7 11. g4 Nh6 12. Rg1 Na5 13. Nbd2 Rc8 14. Rc1 O-O 15.
Rxc8 Rxc8 16. Qb1 Nc4 17. Bxc4 dxc4 18. Bc3 Bc6 19. Ng5 g6 20. Nde4 Qa6 21. Qc1
Bxe4 22. Nxe4 Qc6 23. f3 Kg7 24. h5 Rd8 25. Rh1 Ng8 26. g5 Qa4 27. Nf6 1-0

[Event "19. Intern. Travemünder Schach-Open"]
[Site "?"]
[Date "2002.12.29"]
[Round "6"]
[White "Salov, Sergej"]
[Black "Kopylov, Michael"]
[Result "1/2-1/2"]
[WhiteElo "2297"]
[BlackElo "2436"]
[PlyCount "119"]
[EventDate "2002.??.??"]

1. e4 e5 2. Nf3 d6 3. d4 exd4 4. Nxd4 g6 5. Nc3 Bg7 6. Be3 Nf6 7. f3 O-O 8. Qd2
Nc6 9. Bb5 Ne5 10. Be2 d5 11. exd5 Nxd5 12. Nxd5 Qxd5 13. Nb3 Qxd2+ 14. Bxd2 a5
15. a4 Re8 16. O-O-O Bd7 17. Bc3 Bxa4 18. Nd4 Nc6 19. Bc4 Nxd4 20. Bxd4 Rad8
21. Bxg7 Kxg7 22. Rxd8 Rxd8 23. Re1 Bc6 24. Re7 Rd7 25. Re5 b6 26. Re3 g5 27.
Rc3 Bb7 28. Bb5 Re7 29. Kd2 h5 30. Bc6 Ba6 31. Re3 Rxe3 32. Kxe3 Kf6 33. g3 Ke5
34. h4 Kf6 35. f4 gxh4 36. gxh4 Bc8 37. c3 Bg4 38. Kd4 Kf5 39. Ke3 Ke6 40. Bb7
Kd6 41. Ba6 f6 42. Kd4 c6 43. Bc4 Be6 44. Be2 Bg4 45. Bc4 b5 46. Bf7 c5+ 47.
Kd3 b4 48. cxb4 cxb4 49. Kc4 Be2+ 50. Kb3 Kc5 51. Ka4 Kb6 52. Kb3 Bg4 53. Be8
Bf3 54. Bf7 Kb5 55. Be8+ Kc5 56. Ka4 Kb6 57. Kb3 Be2 58. Bf7 Bd1+ 59. Kc4 Be2+
60. Kb3 1/2-1/2

[Event "19. Intern. Travemünder Schach-Open"]
[Site "?"]
[Date "2002.12.29"]
[Round "6"]
[White "Wronn, Bernd"]
[Black "Hess, Christian"]
[Result "0-1"]
[WhiteElo "2243"]
[BlackElo "2261"]
[PlyCount "70"]
[EventDate "2002.??.??"]

1. Nf3 d5 2. c4 d4 3. e3 Nc6 4. c5 e5 5. Bb5 Bd7 6. Bxc6 Bxc6 7. Nxe5 dxe3 8.
Nxc6 exf2+ 9. Kxf2 Qf6+ 10. Qf3 Qxc6 11. Re1+ Be7 12. Qxc6+ bxc6 13. b4 O-O-O
14. Bb2 Bf6 15. Bxf6 Nxf6 16. a3 Ng4+ 17. Kf3 h5 18. h3 Nh6 19. Ra2 g5 20. Kf2
Rd3 21. Re5 f5 22. Re3 Rhd8 23. Ke2 R3d4 24. Nc3 g4 25. Re6 Nf7 26. Rxc6 Ne5
27. Rh6 Nd3 28. Kd1 gxh3 29. gxh3 f4 30. Nb5 Rc4 31. Nxa7+ Kb7 32. Nc6 Rc1+ 33.
Ke2 Re1+ 34. Kf3 Rg8 35. Nd8+ Kc8 0-1